000 00515nam a2200145Ia 4500
008 100204s9999 xx 000 0 und d
082 _b15906
100 _aपाठक सरिता
245 _aभारतीय शास्त्रज्ञ :
260 _b"परिमल प्रकाशन , औरंगाबाद"
_c1992
300 _a99
630 _aभारतीय शास्त्रज्ञ :
730 _aभारतीय शास्त्रज्ञ :
942 _cBOOK
999 _c460329
_d460326